000 00672nam a2200181Ia 4500
008 100921s9999 xx 000 0 und d
082 _b42153
_a891.463 न 06
100 _aडांगळे अर्जुन.
245 _aही बांधावरची माणसं.
260 _bभाष्य प्रकाशन,मुंबई.
_c2006
300 _a100
_bजयेश एजन्सी,पुणे.
365 _b100
520 _aललित-कथा.
630 _aही बांधावरची माणसं.
650 _aललित-कथा.
730 _aही बांधावरची माणसं.
942 _cBOOK
999 _c791266
_d791263